Προοπτικές απασχόλησης στον τομέα της κοινωνικής οικονομίας
Αποθηκεύτηκε σε:
| Συγγραφή απο Οργανισμό/Αρχή: | |
|---|---|
| Μορφή: | Βιβλίο |
| Γλώσσα: | Greek |
| Δημοσίευση: |
Αθήνα; Θεσσαλονίκη :
Σάκκουλα,
2002
|
| Σειρά: | Βιβλιοθήκη ;
; 4 |
| Θέματα: | |
| Ετικέτες: |
Προσθήκη ετικέτας
Δεν υπάρχουν, Καταχωρήστε ετικέτα πρώτοι!
|
MARC
| LEADER | 00000cam a2200000 i 4500 | ||
|---|---|---|---|
| 001 | 1/90106 | ||
| 008 | 051125s2002 gre d | ||
| 020 | |a 960-301-637-3 | ||
| 035 | |l 10081489 | ||
| 040 | |a GR-MY-UA |b gre |e aacr | ||
| 041 | 0 | |a gre | |
| 082 | 0 | |a 331.124 |2 (22) | |
| 110 | 2 | |a Εθνικό Ινστιτούτο Εργασίας. | |
| 245 | 1 | 0 | |a Προοπτικές απασχόλησης στον τομέα της κοινωνικής οικονομίας / |c Εθνικό Ινστιτούτο Εργασίας ; ερευνητική ομάδα Μανώλης Χρυσάκης ...[κ. ά.] |
| 260 | |a Αθήνα; Θεσσαλονίκη : |b Σάκκουλα, |c 2002 | ||
| 300 | |a 628 σ.; |b πιν.; |c 26 εκ. | ||
| 490 | 1 | |a Βιβλιοθήκη |v ; 4 | |
| 650 | 0 | 0 | |a Labor. |
| 650 | 0 | 0 | |a Economics |x Social aspects. |
| 650 | 0 | 0 | |a Job vacancies |z Greece. |
| 650 | 0 | 0 | |a Full employment policies. |
| 700 | 1 | |a Χρυσάκης, Μανώλης. |4 oth | |
| 830 | 0 | |a Βιβλιοθήκη ; |v ; 4 | |
| 852 | |a INST |b LESVOS |e 20051125 |h 331.124 ΕΘΝ |p 005100033155 |q 005100033155 |t BK |y 0 | ||
| 852 | |a INST |b LESVOS |e 20081218 |h 331.124 ΕΘΝ |p 005100044082 |q 005100044082 |t BK |y 0 | ||
| 852 | |a INST |b LESVOS |e 20110824 |h 331.124 ΕΘΝ |p 005100049923 |q 005100049923 |t BK |y 0 | ||
| 852 | |a INST |b RHODES |e 20131216 |h 331.124 ΕΘΝ |p 005400035924 |q 005400035924 |t BK |y 0 | ||
| 901 | |a BIBL1-2005-3 | ||
| 901 | |a BIBL1-2008-3 | ||
| 901 | |a BIBL1-2011-2 | ||
| 901 | |a BIBL4-2013-3 | ||
| 909 | |a Λ |b 125214 | ||
| 909 | |a Λ |b 141229 | ||
| 909 | |a Λ |b 171330 | ||
| 909 | |a Ρ |b 182432 | ||
| 970 | |a ΚΑΡΑ |b ΓΙΑΣΕΜΗ |z 2005/11/24 | ||